Zmeny podnikateľského prostredia poisťovní v SR v dôsledku globalizácie
Podnikateľské prostredie poisťovní v SR je v neustálom vývoji. Popis aktuálnych zmien, ktoré v súčasnosti, resp. očakávanej budúcnosti najviac ovplyvňujú podnikateľské prostredie poisťovní v SR. Zmeny autorka rozčlenila do väčších skupín - legislatívne zmeny, zmeny v konkurencii a zmeny v povahe riz...
Salvato in:
| Autore principale: | |
|---|---|
| Natura: | Capitolo di libro |
| Lingua: | slovacco |
| Soggetti: | |
| Tags: |
Nessun Tag, puoi essere il primo ad aggiungerne!!
|
MARC
| LEADER | 00000naa$a2200000$$$4500 | ||
|---|---|---|---|
| 001 | 0073249 | ||
| 005 | 20240502083209.8 | ||
| 041 | 0 | |a slo | |
| 044 | |a CZ | ||
| 245 | 1 | 0 | |a Zmeny podnikateľského prostredia poisťovní v SR v dôsledku globalizácie |c Erika Pastoráková |
| 520 | |a Podnikateľské prostredie poisťovní v SR je v neustálom vývoji. Popis aktuálnych zmien, ktoré v súčasnosti, resp. očakávanej budúcnosti najviac ovplyvňujú podnikateľské prostredie poisťovní v SR. Zmeny autorka rozčlenila do väčších skupín - legislatívne zmeny, zmeny v konkurencii a zmeny v povahe rizík, ktoré poisťovne do svojich poistných kmeňov preberajú. Spoločným menovateľom dnešných zmien je globalizácia, ktorá do fungovania poisťovní vstupuje v dvoch úrovniach. | ||
| 610 | 2 | 0 | |a poisťovníctvo |
| 610 | 2 | 0 | |a globalizácia |
| 610 | 2 | 0 | |a trh poistný |
| 610 | 2 | 0 | |a konkurencia |
| 610 | 2 | 0 | |a riziko poistné |
| 610 | 2 | 0 | |a legislatíva |
| 610 | 2 | 0 | |a Slovensko |
| 100 | 1 | |a Pastoráková, Erika, 1972- | |